[Event "Floripa Chess Open 2024"]
[Site "Florianopolis"]
[Date "2024.01.28"]
[Round "10.205"]
[White "De Lima, Ismael Do Prado Nog"]
[Black "Pavao, Tiago Lara Biasi"]
[Result "0-1"]
[WhiteElo "1043"]
[BlackElo "1613"]
[PlyCount "78"]
[EventDate "2024.01.20"]
[EventRounds "10"]
[EventCountry "BRA"]

1. e4 c5 2. Nf3 g6 3. c3 Bg7 4. d4 cxd4 5. cxd4 e6 6. Nc3 Ne7 7. Be3 ({RR} 7.
Be2 O-O 8. O-O a6 9. e5 d6 10. Bf4 d5 11. Qd2 Nf5 12. g4 Ne7 13. Bh6 Nbc6 14.
Rac1 f6 15. exf6 Rxf6 16. Bxg7 Kxg7 17. Ne5 Qb6 18. Rcd1 Nxe5 19. dxe5 Rf7 20.
Na4 Qa7 21. Rc1 Nc6 {Arencibia,A (2129)-Golubenko,V (2209) chess.com INT 2021
1-0 (43)}) 7... O-O 8. Be2 Nbc6 9. d5 $146 ({RR} 9. O-O d5 10. e5 Nf5 11. Bd3
Nxe3 12. fxe3 a6 13. Rc1 Bh6 14. Qe2 Bd7 15. Rf2 Nb4 16. Bb1 Rc8 17. Rcf1 b5
18. a3 Nc6 19. e4 Be8 20. exd5 exd5 21. Ba2 Na5 22. Nxd5 Nc4 23. Nf6+ Kh8 {
Meixner,T-Donkoff,G Waldshut 2002 1-0 (36)}) 9... Ne5 10. O-O Nxf3+ 11. Bxf3 b6
12. Qd2 Kh8 13. g3 Bb7 14. Rfd1 Re8 15. dxe6 dxe6 16. Qxd8 Rexd8 17. Rxd8+ Rxd8
18. Rd1 Rxd1+ 19. Nxd1 f5 20. Nc3 Bxc3 21. bxc3 Bxe4 22. Bxe4 fxe4 23. Kg2 Kg7
24. Bd4+ Kf7 25. f3 exf3+ 26. Kxf3 Nc6 27. Be3 Kf6 28. Ke4 Ne7 29. h4 h5 30.
Bg5+ Kf7 31. Bxe7 Kxe7 32. Ke5 a5 33. a4 Kf7 34. c4 Ke7 35. Kf4 Kf6 36. g4 e5+
37. Kf3 hxg4+ 38. Kxg4 Ke6 39. Kf3 Kf5 0-1

[Event "Floripa Chess Open 2024"]
[Site "Florianopolis"]
[Date "2024.01.28"]
[Round "10.206"]
[White "Pontes, Larissa Amelio De O"]
[Black "Borges, Lorenzo Kurrle"]
[Result "1-0"]
[WhiteElo "1019"]
[BlackElo "1800"]
[PlyCount "45"]
[EventDate "2024.01.20"]
[EventRounds "10"]
[EventCountry "BRA"]

1. e4 c5 2. Nc3 Nc6 3. g3 g6 4. Bg2 Bg7 5. d3 Nf6 6. Nge2 d6 7. Rb1 O-O 8. h3
e5 9. O-O Be6 10. f4 Qb6 $146 ({RR} 10... Nd4 11. a3 Nd7 12. Nxd4 cxd4 13. Nb5
Qb6 14. a4 a6 15. Na3 f5 16. exf5 Rxf5 17. g4 Rf6 18. Qf3 Nc5 19. a5 Qb4 20.
Qe2 Bf7 21. Bd2 Qa4 22. g5 Rf5 23. Be4 Qd7 24. Bxf5 gxf5 25. b4 {Pratyusha,B 
(1736)-Baraeva,I (2028) Kemer 2007 0-1 (36)}) 11. Nd5 Nd4 12. Nxb6 Nxe2+ 13.
Qxe2 axb6 14. a3 Rfd8 15. f5 gxf5 16. exf5 Bd5 17. Bxd5 Nxd5 18. Bg5 f6 19. Bh4
Kh8 20. Qf3 Ne7 21. g4 Rab8 22. g5 fxg5 23. Bxg5 1-0

[Event "Floripa Chess Open 2024"]
[Site "Florianopolis"]
[Date "2024.01.28"]
[Round "10.207"]
[White "Port, Ana Lucia Capriles"]
[Black "Kinaki, Giannini Tonial"]
[Result "1-0"]
[WhiteElo "1721"]
[BlackElo "1800"]
[PlyCount "75"]
[EventDate "2024.01.20"]
[EventRounds "10"]
[EventCountry "BRA"]

1. e4 d5 2. exd5 Qxd5 3. Nc3 Qa5 4. Nf3 Nf6 5. Bc4 Bf5 6. d3 e6 7. a3 ({RR} 7.
O-O Be7 8. Bd2 Qb6 9. Be3 Qa5 10. Bd2 Qb6 11. Be3 {1/2-1/2 (11) Kopjonkin,G 
(2345)-Ivanov,O (2430) Frydek Mistek 1996}) 7... c6 8. O-O ({RR} 8. Bf4 Nbd7 9.
Qe2 Nb6 10. O-O Nxc4 11. dxc4 Be7 12. b4 Qd8 13. Rfd1 Qc8 14. h3 O-O 15. Nh4
Bg6 16. Nxg6 hxg6 17. Ne4 Nxe4 18. Qxe4 Rd8 19. Rd3 Rxd3 20. cxd3 Qd7 21. Rb1
Rd8 22. Rb3 g5 {Junior,E (1725)-Dannenberg,O (1926) Batumi GEO 2018 1/2-1/2 
(60)}) 8... Bd6 9. Re1 $146 ({RR} 9. h3 Nbd7 10. Bg5 O-O 11. Qe1 Qc7 12. Bxf6
Nxf6 13. Qe2 Nd7 14. Ne4 Bxe4 15. Qxe4 f5 16. Qh4 Rf6 17. Rfe1 Ne5 18. Ng5 Rh6
19. Bxe6+ Kf8 20. Qf4 {1-0 (20) Daub,P (1261)-Resch,S (850) Saarlouis
Steinrausch 2005}) ({RR} 9. h3 O-O 10. Bg5 Nbd7 11. Qd2 Qc7 12. Nd4 Bg6 13.
Bxe6 fxe6 14. Nxe6 Qb6 15. Nxf8 Rxf8 16. b4 Bb8 17. Ne2 Nh5 18. g4 Ne5 19. Qe3
Nf3+ 20. Kg2 Qc7 21. Rh1 Nxg5 22. gxh5 Bxh5 23. Nd4 Qd8 {Asikainen,H-Kauppila,
O Kajaani 1998 0-1}) ({RR} 9. Bd2 Qc7 10. b4 Nbd7 11. h3 h6 12. Qe2 g5 13. Ne4
g4 14. Nxd6+ Qxd6 15. hxg4 Bxg4 16. Bc3 Rg8 17. g3 Nh5 18. Kg2 Nf4+ 19. gxf4
Qxf4 20. Qe3 Bxf3+ 21. Kh3 Qg4+ 22. Kh2 Qg2# {0-1 (22) Hanser,E-Neuhold,S
Saalfelden 2005}) 9... O-O 10. Bg5 Nbd7 11. Qd2 Qc7 12. Re3 Rfe8 13. Rae1 Ng4
14. R3e2 Nc5 15. g3 h6 16. Bf4 Bxf4 17. Qxf4 Qxf4 18. gxf4 Rad8 19. b4 Nd7 20.
h3 Ngf6 21. Kg2 Nb6 22. Bb3 Rd6 23. Nh4 g6 24. Nxf5 gxf5 25. Rg1 Kh7 26. Kh2
Nh5 27. Re3 Nxf4 28. Rf3 Ng6 29. Ne2 Nf8 30. Nf4 Re7 31. Rfg3 f6 32. Nh5 Nfd7
33. Nf4 e5 34. Ng6 Rg7 35. c4 f4 36. Nf8+ Kh8 37. Rxg7 h5 38. Rg8# 1-0

[Event "Floripa Chess Open 2024"]
[Site "Florianopolis"]
[Date "2024.01.28"]
[Round "10.208"]
[White "Sikorski, Bruno Emilio Trizot"]
[Black "Barbetta Silva, Maria Eduarda"]
[Result "0-1"]
[WhiteElo "1800"]
[BlackElo "1800"]
[PlyCount "104"]
[EventDate "2024.01.20"]
[EventRounds "10"]
[EventCountry "BRA"]

1. e4 e6 2. d4 d5 3. e5 c5 4. Nf3 Nc6 5. Be3 Qb6 6. b3 cxd4 7. Nxd4 Nxe5 ({RR} 
7... Bc5 8. c3 Nxe5 9. Qh5 Nc6 10. Bb5 Bd7 11. b4 Bxd4 12. Bxd4 Nxd4 13. Bxd7+
Kxd7 14. Qxf7+ Ne7 15. O-O Nc2 16. Nd2 Nxa1 17. Rxa1 Rhf8 {0-1 (17) Carvalho,
W-Cruz,N (1815) Cuiaba BRA 2021}) 8. Qh5 ({RR} 8. f4 Nc6 9. Bb5 Bd7 10. O-O Bc5
11. Bxc6 Bxc6 12. Kh1 Nf6 13. Nc3 O-O 14. Nxc6 Bxe3 15. Ne5 Rac8 16. Ne2 Qc7
17. Qd3 Bxf4 18. Rxf4 Qxe5 19. Raf1 Ne4 20. c4 f5 21. cxd5 exd5 22. Qb5 g5 {
Hadzic,J-Piber,V (2020) Nova Gorica 1999 0-1}) 8... Nc6 $146 ({RR} 8... Ng6 9.
Bd3 Nf6 10. Qe2 Bc5 11. c3 e5 12. b4 Bxd4 13. Bxd4 Qe6 14. Bxg6 exd4 15. Bd3
dxc3 16. Nxc3 O-O 17. O-O Re8 18. Qd2 Bd7 19. Rae1 Qc6 20. Bb5 Qd6 21. Bxd7
Qxd7 22. Rd1 Rad8 23. Qd4 {Lischinsky,A-Geist,M San Jose 1994 0-1 (56)}) 9.
Nxe6 Nf6 10. Bxb6 Nxh5 11. Nc7+ Kd7 12. Nxa8 Bb4+ 13. Nd2 Re8+ 14. Be2 Nf4 15.
Be3 Nxe2 16. Kxe2 d4 17. Nc4 b5 18. Nab6+ axb6 19. Nxb6+ Kd8 20. Rad1 Bg4+ 21.
f3 Rxe3+ 22. Kf2 Be6 23. a4 bxa4 24. Nxa4 Kc7 25. Nb2 Rc3 26. Nd3 Rxc2+ 27. Kf1
Be7 28. Rb1 Rc3 29. Ke2 Bxb3 30. Rhc1 Bc2 31. Rxc2 Rxc2+ 32. Kd1 Rxg2 33. Nf4
Rxh2 34. Nd5+ Kd6 35. Nxe7 Kxe7 36. Rb7+ Kd6 37. Rxf7 g5 38. Rf6+ Kc7 39. Rf5
h6 40. Rf7+ Kb6 41. Rd7 Rf2 42. Rf7 g4 43. f4 g3 44. Ke1 d3 45. Rg7 d2+ 46. Kd1
g2 47. f5 Rf1+ 48. Kxd2 g1=Q 49. Rxg1 Rxg1 50. Ke3 Ne7 51. Kf4 Nxf5 52. Kxf5 h5
0-1

[Event "Floripa Chess Open 2024"]
[Site "Florianopolis"]
[Date "2024.01.28"]
[Round "10.209"]
[White "Nogueira, Manuela Mahara Buch"]
[Black "Leite, Gina Dourado Rocha"]
[Result "0-1"]
[WhiteElo "1666"]
[BlackElo "1418"]
[PlyCount "29"]
[EventDate "2024.01.20"]
[EventRounds "10"]
[EventCountry "BRA"]

1. e4 e5 2. Nf3 Nc6 3. Bb5 Nf6 4. d3 Bc5 5. c3 O-O 6. O-O Re8 7. Nbd2 a6 8. Ba4
({RR} 8. Bxc6 dxc6 9. Nc4 Bg4 10. Bg5 h6 11. Bh4 b5 12. Na5 Qd7 13. h3 Bxf3 14.
Qxf3 Re6 15. Rad1 Bb6 16. Nb3 Rae8 17. d4 exd4 18. Nxd4 Bxd4 19. Rxd4 Qe7 20.
Bxf6 Rxf6 21. Qd1 c5 22. Rd7 Qxe4 {Vachier Lagrave,M (2819)-Nakamura,H (2791)
chess.com INT 2016 0-1 (36)}) 8... b5 9. Bc2 ({RR} 9. Bb3 d6 10. Re1 h6 11. Nf1
Bb6 12. Ng3 Be6 13. Bc2 d5 14. exd5 Qxd5 15. h3 Rad8 16. Be3 Bxe3 17. Rxe3 Qd6
18. Re1 Nd5 19. d4 exd4 20. cxd4 Nf6 21. Nf5 Bxf5 22. Rxe8+ Nxe8 23. Bxf5 Nxd4
{Svidler,P (2694)-King,A (2283) chess.com INT 2021 1-0 (51)}) 9... Bb7 $146 ({
RR} 9... d6 10. Nb3 Ba7 11. Qe2 h6 12. Be3 Ne7 13. Bxa7 Rxa7 14. d4 Ng6 15.
dxe5 dxe5 16. h3 Qe7 17. Qe3 Rb7 18. Nc5 Rb6 19. b4 Nd7 20. Nb3 Nf4 21. Kh2 Rg6
22. g3 Qe6 23. gxf4 exf4 24. Qxf4 {Mrvova,A (2221)-Motycakova,M (2091)
Liptovsky Mikulas 2014 1-0 (56)}) ({RR} 9... d5 10. Qe2 h6 11. h3 Bb6 12. Rd1
Nh5 13. Nf1 Nf4 14. Qe1 Qf6 15. Bxf4 exf4 16. N1h2 h5 17. Qd2 dxe4 18. dxe4 Be6
19. a4 Rad8 20. Qe1 g5 21. axb5 axb5 22. e5 Qg7 23. Be4 Ne7 24. Nd4 {
Ainutdinova,Y (2098)-Turebayeva,A (2089) Satka 2013 1-0 (77)}) ({RR} 9... d6
10. a4 Be6 11. h3 h6 12. Re1 Bb6 {1/2-1/2 (12) Sosa,T (2385)-Cuellar,D (2332)
Cali 2015}) 10. Nh4 d5 11. exd5 Nxd5 12. Qg4 Nf6 13. Qg3 Bd6 14. Nhf3 e4 15.
dxe4 0-1

[Event "Floripa Chess Open 2024"]
[Site "Florianopolis"]
[Date "2024.01.28"]
[Round "10.210"]
[White "De Oliveira, Rosa Emilia Trizott"]
[Black "Sikorski, Valentim Enrico"]
[Result "0-1"]
[WhiteElo "1800"]
[BlackElo "1636"]
[PlyCount "22"]
[EventDate "2024.01.20"]
[EventRounds "10"]
[EventCountry "BRA"]

1. e4 c5 2. Nf3 e6 3. Nc3 a6 4. d3 Qc7 ({RR} 4... b5 5. Be2 Bb7 6. O-O d6 7.
Bg5 Be7 8. Bxe7 Nxe7 9. Qd2 Nd7 10. Qf4 Nf6 11. Nh4 h6 12. g3 Nc6 13. Nf3 O-O
14. Qh4 Rc8 15. Bd1 e5 16. Ne1 b4 17. Nb1 d5 18. Nd2 dxe4 19. Nxe4 {Weber,K 
(2158)-Ghaem Maghami,E (2603) Dresden 2005 0-1 (39)}) 5. Be3 ({RR} 5. Be2 Nc6
6. O-O Nf6 7. Re1 Ng4 8. g3 Be7 9. Bd2 h5 10. Bf4 d6 11. d4 Nxd4 12. Nxd4 cxd4
13. Qxd4 e5 14. Qa4+ Bd7 15. Qc4 Qxc4 16. Bxc4 exf4 17. Nd5 Rc8 18. Nb6 Rc6 19.
Nxd7 Rxc4 {Sizar,Y-Erdem,E (1448) Konya TUR 2019 0-1}) 5... Nc6 $146 ({RR} 5...
Nf6 6. d4 Ng4 7. h3 Nxe3 8. fxe3 Qg3+ 9. Ke2 b5 10. Kd2 Bb7 11. Ne2 Qc7 12. Ke1
Bxe4 13. Ne5 d6 14. Nf3 Be7 15. Nc3 Bb7 16. Qd2 Nd7 17. Rd1 Nf6 18. Be2 b4 19.
Nb1 Ne4 20. Qd3 {Janzelj,N (1500)-Grein,B (1852) Lucija 2011 0-1}) ({RR} 5...
d6 6. Be2 Nf6 7. O-O b5 8. Nh4 Be7 9. Bg5 h6 10. Bxf6 Bxf6 11. g3 b4 12. Na4
Bd7 13. b3 Bxa4 14. bxa4 Bxa1 15. Qxa1 O-O 16. Bf3 Nc6 17. e5 d5 18. c4 bxc3
19. Qxc3 Nxe5 20. Rc1 {Kholood,A-Marwan,A (1934) Dubai 2004 0-1 (32)}) ({RR} 
5... Ne7 6. g3 Ng6 7. Bg2 b5 8. Ne2 Nc6 9. O-O h5 10. d4 cxd4 11. Nfxd4 Nce5
12. h3 Nc4 13. Bc1 Bb7 14. b3 Na3 15. Bb2 Rc8 16. Qd2 e5 17. Nf5 Qxc2 18. Rfd1
d5 19. Bxa3 Bxa3 20. Nxg7+ {Schonberg,P-Helin,M (1939) Copenhagen 2004 0-1 (38)
}) 6. g3 Nf6 7. a3 Be7 8. h3 b5 9. g4 b4 10. Ne5 bxc3 11. bxc3 Nxe5 0-1